| 000 -LEADER |
| fixed length control field |
03654cas a2200733 a 4500 |
| 001 - CONTROL NUMBER |
| control field |
11196669 |
| 003 - CONTROL NUMBER IDENTIFIER |
| control field |
NUST |
| 005 - DATE AND TIME OF LATEST TRANSACTION |
| control field |
20171228123105.0 |
| 008 - FIXED-LENGTH DATA ELEMENTS--GENERAL INFORMATION |
| fixed length control field |
780930c19789999miu x 0 a0eng |
| 010 ## - LIBRARY OF CONGRESS CONTROL NUMBER |
| LC control number |
76046132 |
| 016 7# - NATIONAL BIBLIOGRAPHIC AGENCY CONTROL NUMBER |
| Record control number |
011144883 |
| Source |
Uk |
| 016 ## - NATIONAL BIBLIOGRAPHIC AGENCY CONTROL NUMBER |
| Record control number |
(AMICUS)000000787964 |
| 022 0# - INTERNATIONAL STANDARD SERIAL NUMBER |
| International Standard Serial Number |
0276-8178 |
| ISSN-L |
0276-8178 |
| Source |
1 |
| 035 ## - SYSTEM CONTROL NUMBER |
| System control number |
(OCoLC)ocm04254388 |
| 037 ## - SOURCE OF ACQUISITION |
| Source of stock number/acquisition |
Gale, 27500 Drake Rd., Farmington Hills, MI 48331-3535 |
| 040 ## - CATALOGING SOURCE |
| Original cataloging agency |
DLC |
| Language of cataloging |
eng |
| Transcribing agency |
DLC |
| Modifying agency |
OCL |
| -- |
DLC |
| -- |
OCL |
| -- |
NSD |
| -- |
NST |
| -- |
DLC |
| -- |
OCL |
| -- |
DLC |
| -- |
OCL |
| -- |
NSD |
| -- |
DLC |
| -- |
NST |
| -- |
DLC |
| -- |
OCL |
| -- |
IUL |
| -- |
OCL |
| -- |
HUL |
| -- |
NST |
| -- |
WAU |
| -- |
SYS |
| -- |
GUA |
| -- |
OCLCQ |
| -- |
NLGGC |
| -- |
LVB |
| -- |
DLC |
| -- |
CLU |
| -- |
CUI |
| -- |
DLC |
| -- |
OCLCQ |
| -- |
TXA |
| -- |
OCLCQ |
| -- |
UMC |
| -- |
UKMGB |
| -- |
OCLCQ |
| -- |
COD |
| -- |
OCLCF |
| -- |
OCL |
| -- |
COD |
| -- |
OCLCO |
| -- |
TC@ |
| -- |
OCLCQ |
| -- |
NLC |
| 042 ## - AUTHENTICATION CODE |
| Authentication code |
pcc |
| -- |
nsdp |
| 050 00 - LIBRARY OF CONGRESS CALL NUMBER |
| Classification number |
PN771 |
| Item number |
.G27 |
| 082 04 - DEWEY DECIMAL CLASSIFICATION NUMBER |
| Classification number |
809.04 |
| Author Mark |
REF |
| 210 0# - ABBREVIATED TITLE |
| Abbreviated title |
Twent.-century lit. crit. |
| 222 #0 - KEY TITLE |
| Key title |
Twentieth-century literary criticism |
| 245 00 - TITLE STATEMENT |
| Title |
Twentieth-century literary criticism. |
| 246 13 - VARYING FORM OF TITLE |
| Title proper/short title |
TCLC |
| Date or sequential designation |
<v. 78-> |
| 260 ## - PUBLICATION, DISTRIBUTION, ETC. |
| Place of publication, distribution, etc. |
Detroit, Mich. : |
| Name of publisher, distributor, etc. |
Gale Research Co., |
| Date of publication, distribution, etc. |
1978 |
| 300 ## - PHYSICAL DESCRIPTION |
| Extent |
volumes ; |
| Dimensions |
29 cm. |
| 310 ## - CURRENT PUBLICATION FREQUENCY |
| Current publication frequency |
Irregular, |
| Date of current publication frequency |
1981- |
| 321 ## - FORMER PUBLICATION FREQUENCY |
| Former publication frequency |
Annual, |
| Dates of former publication frequency |
1978-1980 |
| 336 ## - CONTENT TYPE |
| Content type term |
text |
| Content type code |
txt |
| Source |
rdacontent |
| 337 ## - MEDIA TYPE |
| Media type term |
unmediated |
| Media type code |
n |
| Source |
rdamedia |
| 338 ## - CARRIER TYPE |
| Carrier type term |
volume |
| Carrier type code |
nc |
| Source |
rdacarrier |
| 362 0# - DATES OF PUBLICATION AND/OR SEQUENTIAL DESIGNATION |
| Dates of publication and/or sequential designation |
Vol. 14 |
| 490 1# - SERIES STATEMENT |
| Materials specified |
<Vol. 323-> : |
| Series statement |
Gale literary criticism series |
| 500 ## - GENERAL NOTE |
| General note |
Published: Farmington Hills, MI : Thomson Gale, 2002- ; Farmington Hills, MI : Gale Cengage Learning, <2009-> |
| 555 ## - CUMULATIVE INDEX/FINDING AIDS NOTE |
| Cumulative index/finding aids note |
Vols. for -1991 contain a cumulative author and nationality index covering all of the literature series in each volume, as well as a cumulative title index in first vol. published each year; 1992- have a separately issued annual cumulative title index. |
| 588 ## - SOURCE OF DESCRIPTION NOTE |
| Source of description note |
Latest issue consulted: Volume 323, published 2016. |
| 590 ## - LOCAL NOTE (RLIN) |
| Local note |
SERBIB/SERLOC merged record |
| 648 #7 - SUBJECT ADDED ENTRY--CHRONOLOGICAL TERM |
| Chronological term |
1800-1999 |
| Source of heading or term |
fast |
| 9 (RLIN) |
7812 |
| 650 #0 - SUBJECT ADDED ENTRY--TOPICAL TERM |
| Topical term or geographic name entry element |
Literature, Modern |
| Chronological subdivision |
20th century |
| General subdivision |
History and criticism |
| Form subdivision |
Periodicals. |
| 9 (RLIN) |
7813 |
| 650 #0 - SUBJECT ADDED ENTRY--TOPICAL TERM |
| Topical term or geographic name entry element |
Literature, Modern |
| Chronological subdivision |
19th century |
| General subdivision |
History and criticism |
| Form subdivision |
Periodicals. |
| 9 (RLIN) |
7814 |
| 650 #6 - SUBJECT ADDED ENTRY--TOPICAL TERM |
| Topical term or geographic name entry element |
Littérature |
| Chronological subdivision |
20e siècle |
| Form subdivision |
Bibliographie. |
| 9 (RLIN) |
7815 |
| 650 #6 - SUBJECT ADDED ENTRY--TOPICAL TERM |
| Topical term or geographic name entry element |
Littérature |
| Chronological subdivision |
20e siècle |
| General subdivision |
Histoire et critique. |
| 9 (RLIN) |
7816 |
| 650 #7 - SUBJECT ADDED ENTRY--TOPICAL TERM |
| Topical term or geographic name entry element |
Literature, Modern. |
| Source of heading or term |
fast |
| Authority record control number or standard number |
(OCoLC)fst01000172 |
| 9 (RLIN) |
7817 |
| 650 17 - SUBJECT ADDED ENTRY--TOPICAL TERM |
| Topical term or geographic name entry element |
Letterkunde. |
| Source of heading or term |
gtt |
| 9 (RLIN) |
7818 |
| 655 #7 - INDEX TERM--GENRE/FORM |
| Genre/form data or focus term |
Criticism, interpretation, etc. |
| Source of term |
fast |
| Authority record control number |
(OCoLC)fst01411635 |
| 9 (RLIN) |
7819 |
| 655 #7 - INDEX TERM--GENRE/FORM |
| Genre/form data or focus term |
Periodicals. |
| Source of term |
fast |
| Authority record control number |
(OCoLC)fst01411641 |
| 9 (RLIN) |
2739 |
| 710 2# - ADDED ENTRY--CORPORATE NAME |
| Corporate name or jurisdiction name as entry element |
Gale Research Company. |
| 9 (RLIN) |
7820 |
| 710 2# - ADDED ENTRY--CORPORATE NAME |
| Corporate name or jurisdiction name as entry element |
Thomson Gale (Firm) |
| 9 (RLIN) |
7821 |
| 710 2# - ADDED ENTRY--CORPORATE NAME |
| Corporate name or jurisdiction name as entry element |
Gale (Firm) |
| 9 (RLIN) |
7822 |
| 776 08 - ADDITIONAL PHYSICAL FORM ENTRY |
| Relationship information |
Online version: |
| Title |
Twentieth-century literary criticism |
| Record control number |
(DLC) 2010263442 |
| -- |
(OCoLC)557498501 |
| 787 08 - OTHER RELATIONSHIP ENTRY |
| Relationship information |
Online database version: |
| Title |
Twentieth-century literary criticism. |
| Place, publisher, and date of publication |
[Detroit] : [Gale Research Co.] |
| Record control number |
(DLC) 2011251152 |
| -- |
(OCoLC)748444715 |
| 830 #0 - SERIES ADDED ENTRY--UNIFORM TITLE |
| Uniform title |
Gale literary criticism series. |
| 9 (RLIN) |
7823 |
| 906 ## - LOCAL DATA ELEMENT F, LDF (RLIN) |
| a |
7 |
| b |
cbc |
| c |
serials |
| d |
2 |
| e |
ncip |
| f |
19 |
| g |
n-oclcserc |
| 942 ## - ADDED ENTRY ELEMENTS (KOHA) |
| Source of classification or shelving scheme |
|
| Koha item type |
Book |